[Event "ISR-ch (Women)"]
[Site "?"]
[Date "1994.??.??"]
[Round "?"]
[White "Srumin, Galina"]
[Black "Chervonenko, Irina"]
[Result "1/2-1/2"]
[WhiteElo "2130"]
[BlackElo "2135"]

1.e4 e6 2.d4 d5 3.Nc3 Bb4 4.e5 Ne7 5.Bd2 b6 6.Qg4 O-O 7.Bd3 f5 8.exf6 Rxf6
9.Bg5 Rf7 10.Qh5 h6 11.Bd2 Qf8 12.Nf3 Nbc6 13.O-O Nf5 14.Qg4 Rf6 15.Ne2 Bxd2
16.Nxd2 e5 17.dxe5 Nxe5 18.Qa4 Qf7 19.Nf4 Nd6 20.Qd4 Nxd3 21.Nxd3 c5 22.Qh4 Nf5
23.Qa4 Bd7 24.Qa3 Nd4 25.Ne5 Qe6 26.Nxd7 Qxd7 27.Qd3 Raf8 28.Rae1 Qf7 29.c3 Ne6
30.Nf3 Nf4 31.Qd1 Qh5 32.Ne5 Qg5 33.Qf3 Rf5 34.Nd3 R8f6 35.Nxf4 Rxf4 36.Qd3 Rg4
37.g3 Kf7 38.Qe3 Re4 39.Qxg5 hxg5 40.Rxe4 dxe4 41.Re1 Re6 42.Rd1 Kf6 43.Kf1 g4
44.Ke2 g6  1/2-1/2

[Event "JUG-chT2"]
[Site "?"]
[Date "1994.??.??"]
[Round "1"]
[White "Dragovic, Momcilo"]
[Black "Despotovic, Momcilo"]
[Result "1-0"]
[WhiteElo "2390"]
[BlackElo "2325"]

1.e4 e6 2.d4 d5 3.Nc3 Bb4 4.e5 b6 5.Nh3 Qd7 6.Nf4 Ne7 7.Nh5 Rg8 8.Bd3 Ng6
9.O-O Ba6 10.Bh6 Bf8 11.Bxa6 Nxa6 12.Qe2 Nb4 13.a3 Nc6 14.Rfd1 f5 15.b4 a5
16.b5 Nd8 17.Na4 Rb8 18.Bg5 Nf7 19.Bf6 Nh6 20.c4 Kf7 21.cxd5 Qxd5 22.Bg5 Be7
23.Bxe7 Nxe7 24.Nc3 Qd7 25.Nf4 Ng6 26.Qh5 c6 27.d5 cxd5 28.Ncxd5 Qxb5 29.Nxe6 Rgc8
30.Nef4 Rc5 31.e6+ Kg8 32.Nxg6 hxg6 33.Ne7+ Kh8 34.Nxg6+ Kh7 35.Nf4 Qe8 36.Rd7 Re5
37.Qd1 Ng4 38.Qd4 Qf8 39.f3  1-0

[Event "JUG-chT2"]
[Site "?"]
[Date "1994.??.??"]
[Round "5"]
[White "Zlatanovic, Zoran"]
[Black "Paulic, Branko"]
[Result "1/2-1/2"]
[WhiteElo "2280"]
[BlackElo "2260"]

1.e4 e6 2.d4 d5 3.Nc3 Bb4 4.e5 Ne7 5.a3 Bxc3+ 6.bxc3 c5 7.a4 b6 8.Bb5+ Nd7
9.Nf3 h6 10.O-O O-O 11.Ba3 Qc7 12.Re1 Rd8 13.h4 Nf8 14.a5 Bd7 15.Bd3 Be8
16.Nh2 Rac8 17.Qg4 c4 18.axb6 axb6 19.Be2 Nh7 20.Nf1 Nf5 21.Ng3 Nxg3 22.Qxg3 Ra8
23.f4 Qd7 24.Bg4 Ra4 25.Bb4 Rda8 26.Rxa4 Rxa4 27.Rf1 f5 28.exf6 Nxf6 29.Bh3 Ne4
30.Qg4 Bf7 31.f5 exf5 32.Qf4 Be6 33.Qb8+ Kh7 34.Qxb6 Ra2 35.Qxe6 Qxe6 36.Bxf5+ Qxf5
37.Rxf5 Ra1+ 38.Rf1 Rxf1+ 39.Kxf1 Kg6 40.Bf8 h5 41.Ke2 Kf7 42.Bb4 Ke6 43.Kf3 Kf5
44.Ba5 Nd6 45.Bb4 Nb5 46.Bf8 g6 47.Bb4 Nc7 48.Bd6 Ne6 49.Be7 Nc7 50.Bd6 Nb5
51.Bb4 Na7 52.Bd6 Nc6 53.Bc5 Nd8 54.Ba3 Nf7 55.Be7 Ke6 56.Bb4 g5 57.hxg5 Nxg5+
58.Kf4 Ne4 59.Ba5 Kf6 60.Bd8+ Ke6 61.Bh4 Nxc3 62.Bf2 Ne4 63.Be1 Kf6 64.Bh4+ Ke6  1/2-1/2

[Event "JUG-chT2"]
[Site "?"]
[Date "1994.??.??"]
[Round "8"]
[White "Perosevic, Aleksandar"]
[Black "Jacimovic, Dragoljub"]
[Result "1-0"]
[WhiteElo "2335"]
[BlackElo "2395"]

1.e4 e6 2.d4 d5 3.Nc3 Bb4 4.e5 Ne7 5.a3 Bxc3+ 6.bxc3 c5 7.h4 Qa5 8.Bd2 Nbc6
9.h5 cxd4 10.cxd4 Qa4 11.Nf3 Nxd4 12.Bd3 Nec6 13.Kf1 Nxf3 14.Qxf3 Qd4 15.Re1 Nxe5
16.Qg3 Nxd3 17.cxd3 f5 18.Bf4 O-O 19.Rh4 Rf7 20.Be5 Qc5 21.h6 g6 22.Bd6 Qc3
23.Be5 Qc5 24.Bb2 Qc7 25.Qe3 e5 26.Bxe5 Qe7 27.Qg3 f4 28.Bxf4 Qd8 29.Bg5 Qf8
30.Rd4 Bd7 31.Rxd5 Bc6 32.Rde5 Qxa3 33.Be7 Qb2 34.Qe3 Re8 35.d4 Qa2 36.Kg1 a5
37.d5 Rfxe7 38.Rxe7 Rxe7 39.Qxe7 Qxd5 40.f3 Qd4+ 41.Kh1 Qf4 42.Qg7+  1-0

[Event "JUG-chT"]
[Site "JUG"]
[Date "1994.??.??"]
[Round "5"]
[White "Kovacevic, Aleksandar"]
[Black "Sparic, Nebojsa"]
[Result "1/2-1/2"]
[WhiteElo "2405"]
[BlackElo "2280"]

1.e4 e6 2.d4 d5 3.Nc3 Bb4 4.e5 Ne7 5.a3 Bxc3+ 6.bxc3 c5 7.Qg4 O-O 8.Bd3 Nbc6
9.Qh5 Ng6 10.Nf3 Qc7 11.Be3 c4 12.Bxg6 fxg6 13.Qg4 Bd7 14.h4 Rf5 15.Ng5 Qa5
16.Bd2 Raf8 17.O-O Nd8 18.Qe2 Ba4 19.Rac1 Re8 20.g4 Rff8 21.Kg2 Nf7 22.Nh3 Bd7
23.Ra1 Ba4 24.Ra2 Re7 25.h5 gxh5 26.gxh5 Nh6 27.Rg1 Rf5 28.Kf1 Kh8 29.Ng5  1/2-1/2

[Event "JUG-chT"]
[Site "JUG"]
[Date "1994.??.??"]
[Round "9"]
[White "Ivanisevic, Ivan"]
[Black "Kovacevic, Slobodan"]
[Result "0-1"]
[WhiteElo "2230"]
[BlackElo "2400"]

1.e4 e6 2.d4 d5 3.Nc3 Bb4 4.e5 Ne7 5.a3 Bxc3+ 6.bxc3 c5 7.Nf3 b6 8.Bb5+ Bd7
9.Bd3 c4 10.Bf1 Ba4 11.g3 h6 12.h4 Kd7 13.Bh3 Qg8 14.Qe2 Qh7 15.Ra2 Kc7 16.h5 Nd7
17.Nh4 Rae8 18.f4 Nf5 19.Nxf5 exf5 20.Bg2 Nf6 21.O-O g6 22.Qf2 Ng4 23.Qf3 Bc6
24.a4 gxh5 25.Ba3 Rhg8 26.Rb1 Re6 27.Bd6+ Kd7 28.a5  0-1

[Event "JUG-ch sf"]
[Site "Kladovo"]
[Date "1994.??.??"]
[Round "?"]
[White "Dragojlovic, Andjelko"]
[Black "Mitrovic, Petar"]
[Result "1-0"]
[WhiteElo "2335"]
[BlackElo "2355"]

1.e4 e6 2.d4 d5 3.Nc3 Bb4 4.e5 b6 5.a3 Bxc3+ 6.bxc3 Qd7 7.Nh3 Ne7 8.Nf4 Qc6
9.Bd2 O-O 10.Nh5 Ng6 11.h4 Nd7 12.Bd3 f5 13.g4 Qa4 14.gxf5 exf5 15.Qf3 c6
16.Rg1 Ba6 17.Bxa6 Qxa6 18.Nxg7 Kxg7 19.h5 Rae8 20.hxg6 hxg6 21.Qh3 Re6 22.Qh6+ Kf7
23.Qh7+ Ke8 24.Rxg6 Nf6 25.Rxf6 Rfxf6 26.Qg8+ Kd7 27.Bg5 Qc4 28.Kd2 Rxe5
29.dxe5 d4 30.Qxc4  1-0

[Event "JUG-ch sf"]
[Site "Kladovo"]
[Date "1994.??.??"]
[Round "?"]
[White "Brenjo, Slavisa"]
[Black "Mitrovic, Petar"]
[Result "0-1"]
[WhiteElo "2400"]
[BlackElo "2355"]

1.e4 e6 2.d4 d5 3.Nc3 Bb4 4.e5 Ne7 5.a3 Bxc3+ 6.bxc3 c5 7.Nf3 Bd7 8.Be2 Ba4
9.O-O Qc7 10.Bd3 c4 11.Be2 Na6 12.Ng5 Qd7 13.Bh5 g6 14.Bg4 h6 15.Nh3 Nc7
16.Bd2 O-O-O 17.Qc1 Ng8 18.Rb1 Kb8 19.Qb2 b6 20.Be2 Ka8 21.f3 Rb8 22.Nf2 Rb7
23.Ng4 a5 24.Qc1 Nb5 25.f4 Nc7 26.Bf3 Ka7 27.Be1 Nb5 28.Qb2 Qd8 29.Ne3 h5
30.Bf2 Nh6 31.Qa1 Nf5 32.Nxc4 dxc4 33.Rb4 axb4 34.axb4 Kb8 35.Qxa4 Nxc3 36.Qa6 Nd5
37.Qxc4 Nfe3 38.Qd3 Nxf1 39.c4 Nxb4 40.Qa3 Nc2  0-1

[Event "Kopavogur"]
[Site "Kopavogur"]
[Date "1994.??.??"]
[Round "?"]
[White "Bjornsson, Tomas"]
[Black "Halldorsson, Gudmundur"]
[Result "0-1"]
[WhiteElo "2260"]
[BlackElo "2260"]

1.e4 e6 2.d4 d5 3.Nc3 Bb4 4.e5 Qd7 5.a3 Bxc3+ 6.bxc3 b6 7.Nf3 Ne7 8.a4 Ba6
9.Bxa6 Nxa6 10.Qd3 Nb8 11.c4 dxc4 12.Qxc4 Nbc6 13.O-O Na5 14.Qd3 Qd5 15.Bg5 Nec6
16.Rfc1 Nc4 17.Rab1 a6 18.Be3 Rd8 19.h3 h6 20.Qe2 O-O 21.c3 f6 22.exf6 Rxf6
23.Nh2 Rg6 24.f3 e5 25.Bf2 exd4 26.cxd4 Na3 27.Ra1 Nxd4 28.Bxd4 Qxd4+ 29.Kh1 Qf4
30.Qa2+ Kh7 31.Nf1 Rd3 32.Qe2 Rb3 33.Qxa6 Rb2 34.Qd3 Rxg2 35.Qe3 Rh2+  0-1

[Event "Kopavogur"]
[Site "Kopavogur"]
[Date "1994.??.??"]
[Round "?"]
[White "Bjornsson, Tomas"]
[Black "Arnason, Jon L"]
[Result "0-1"]
[WhiteElo "2260"]
[BlackElo "2520"]

1.e4 e6 2.d4 d5 3.Nc3 Bb4 4.e5 b6 5.a3 Bf8 6.f4 Ne7 7.Nf3 Ba6 8.Bxa6 Nxa6
9.Qd3 Nb8 10.O-O h5 11.Ne2 Nbc6 12.b4 Qd7 13.Bd2 Nf5 14.Rfb1 Be7 15.a4 O-O
16.Ng3 g6 17.Nxf5 exf5 18.Be1 Nd8 19.Bh4 Bxh4 20.Nxh4 Ne6 21.g3 Rac8 22.Ng2 Rfd8
23.Ne3 c5 24.bxc5 bxc5 25.c3 Rc6 26.Rb5 a6 27.Rb2 Qc7 28.Rc2 Kg7 29.Rac1 Qa5
30.Ra1 cxd4 31.cxd4 Rxc2 32.Nxc2 Rc8 33.Ra3 Rc4 34.Kg2 Qc7 35.Ra2 Rc3 36.Qd2 Qc4
37.Ne3 Rxe3 38.Rc2 Qxd4 39.Qf2 Rd3 40.h4 Qxf2+ 41.Kxf2 Ra3 42.Rd2 d4  0-1

[Event "Lippstadt"]
[Site "Lippstadt"]
[Date "1994.??.??"]
[Round "2"]
[White "Brenke, Andreas"]
[Black "Farago, Ivan"]
[Result "0-1"]
[WhiteElo "2265"]
[BlackElo "2515"]

1.e4 e6 2.d4 d5 3.Nc3 Bb4 4.e5 Ne7 5.a3 Bxc3+ 6.bxc3 c5 7.Qg4 Qc7 8.Qxg7 Rg8
9.Qxh7 cxd4 10.Ne2 Nbc6 11.f4 Bd7 12.Qd3 dxc3 13.Rb1 O-O-O 14.Qxc3 Nf5 15.Rg1 d4
16.Qd3 f6 17.exf6 e5 18.g4 Nd6 19.g5 e4 20.Qb3 Kb8 21.f7 Rg7 22.h4 Rxf7 23.h5 d3
24.cxd3 exd3 25.Ng3 Qa5+ 26.Bd2 Re7+ 27.Be2 Qc5 28.Rh1 dxe2 29.Bb4 Nxb4 30.Qxb4 Qd5
31.h6 Bg4 32.h7 Qd1+ 33.Kf2 e1=Q+ 34.Qxe1 Qf3+  0-1

[Event "Ljubljana op"]
[Site "Ljubljana"]
[Date "1994.??.??"]
[Round "?"]
[White "Jazbinsek, Sebastjan"]
[Black "Furlan, Miha"]
[Result "1/2-1/2"]
[WhiteElo "2055"]
[BlackElo "2300"]

1.e4 e6 2.d4 d5 3.Nc3 Bb4 4.e5 Qd7 5.a3 Bxc3+ 6.bxc3 b6 7.a4 Ba6 8.Bxa6 Nxa6
9.Ne2 Nb8 10.Qd3 Nc6 11.O-O Na5 12.Ng3 Nc4 13.Rd1 O-O-O 14.Nf1 a5 15.Ba3 Kb7
16.Rdb1 h5 17.Rb5 Qc6 18.Nd2 Nxd2 19.Qxd2 Nh6 20.Rab1 Kc8 21.Qd3 Qc4 22.Qxc4 dxc4
23.Rd1 Rd5 24.Rxd5 exd5 25.Re1 Kd7 26.g3 Nf5 27.Kg2 g6 28.h3 Ng7 29.f4 Ne6
30.Rf1  1/2-1/2

[Event "Ljubljana op"]
[Site "Ljubljana"]
[Date "1994.??.??"]
[Round "?"]
[White "Kos, Toni"]
[Black "Bukal, Vladimir Sr"]
[Result "0-1"]
[WhiteElo "2160"]
[BlackElo "2405"]

1.e4 e6 2.d4 d5 3.Nc3 Bb4 4.e5 Ne7 5.a3 Bxc3+ 6.bxc3 c5 7.Qg4 Nbc6 8.Qxg7 Rg8
9.Qxh7 Qa5 10.Bd2 Qa4 11.Nf3 cxd4 12.Bd3 dxc3 13.Bg5 Bd7 14.h4 O-O-O 15.O-O Rdf8
16.Rfb1 Nf5 17.Bxf5 exf5 18.Qh6 Be6 19.Bf6 Qg4 20.Ne1 d4 21.Rb5 b6 22.Bg5 Qe2
23.Rab1 Re8 24.Nd3 Qxc2 25.Nf4 d3 26.Nh5 Nd4  0-1

[Event "Lloyds Bank op"]
[Site "London"]
[Date "1994.??.??"]
[Round "7"]
[White "Jonsson, Hans"]
[Black "Cobb, James"]
[Result "1-0"]
[WhiteElo "2390"]
[BlackElo "2240"]

1.e4 e6 2.d4 d5 3.Nc3 Bb4 4.e5 b6 5.h4 Qd7 6.h5 h6 7.Qg4 Bf8 8.Bb5 c6 9.Ba4 Ba6
10.Nce2 Bb5 11.Bxb5 cxb5 12.Bd2 Nc6 13.Rh3 Nge7 14.Qf4 g5 15.hxg6 Nxg6 16.Qe3 Bg7
17.Ng3 f6 18.exf6 Bxf6 19.N1e2 O-O-O 20.Rxh6 Nh4 21.O-O-O Rxh6 22.Qxh6 Qf7
23.Qh5 Rf8 24.Rh1 Nxg2 25.Rh2 Nh4 26.Rxh4 Bxh4 27.Qxh4 Qxf2 28.Qg4 Rf6 29.c3 Kb7
30.Nf4 Nd8 31.Kc2 Ka6 32.Qg5 Rf8 33.Ngh5 Qh2 34.Qe7 Rh8 35.Qd7 Qh1 36.Qc8+  1-0

[Event "Lloyds Bank op"]
[Site "London"]
[Date "1994.??.??"]
[Round "9"]
[White "Marley, Justin C"]
[Black "Harakis, Alexis"]
[Result "1-0"]
[WhiteElo "2100"]
[BlackElo "2210"]

1.e4 e6 2.d4 d5 3.Nc3 Bb4 4.e5 Ne7 5.a3 Bxc3+ 6.bxc3 c5 7.Qg4 Kf8 8.h4 Qc7
9.Kd1 b6 10.h5 h6 11.Nf3 Ba6 12.Bxa6 Nxa6 13.Rh3 Rc8 14.Qf4 Nb8 15.Qd2 cxd4
16.cxd4 Qc4 17.Bb2 Nbc6 18.Ne1 Kg8 19.g4 Kh7 20.Rf3 Rhf8 21.a4 Na5 22.Ba3 Qc7
23.g5 Nc4 24.Qd3+ Nf5 25.gxh6 Kxh6 26.Bc1+ Kh7 27.Rxf5 exf5 28.Qxf5+ g6 29.Qg5 Qd7
30.Qh4 Qf5 31.hxg6+  1-0

[Event "Lloyds Bank op"]
[Site "London"]
[Date "1994.??.??"]
[Round "10"]
[White "Panchapagesan, Arjun"]
[Black "Brown, Stuart C"]
[Result "1/2-1/2"]
[WhiteElo "2135"]
[BlackElo "2295"]

1.e4 e6 2.d4 d5 3.Nc3 Bb4 4.e5 Ne7 5.Bd2 c5 6.Nb5 Bxd2+ 7.Qxd2 O-O 8.dxc5 Nd7
9.f4 Nxc5 10.Nd4 Ne4 11.Qe3 Qa5+ 12.c3 Nf5 13.Nxf5 exf5 14.Nf3 Be6 15.Be2 b5
16.a3 Rab8 17.O-O Qb6 18.Nd4 Bd7 19.Rad1 a5 20.Nc2 Be6 21.Qxb6 Rxb6 22.Ne3 Rd8
23.Rd4 Nc5 24.Nxd5 Bxd5 25.Rfd1 Ne6 26.Rxd5 Rxd5 27.Rxd5 b4 28.Rxa5 bxc3
29.Ra8+ Nf8 30.bxc3 g5 31.a4 Kg7 32.fxg5 Ne6 33.h4 Rb3 34.Rc8 Ra3 35.Rc4 Kg6
36.Bd3 Ra1+ 37.Kf2 Ra2+ 38.Kg1 Rd2 39.Bf1 f4 40.a5 Ra2 41.a6 Kh5 42.g3 Kg4
43.gxf4 Nxf4 44.Re4 Kg3 45.h5 Nxh5 46.e6 fxe6 47.Rxe6 Nf4 48.Re3+ Kg4 49.Re7 Kxg5  1/2-1/2

[Event "EUCup Gr3"]
[Site "Lubniewice"]
[Date "1994.??.??"]
[Round "3"]
[White "Levchenkov, Vitaly S"]
[Black "Moskalenko, Viktor"]
[Result "0-1"]
[WhiteElo "2310"]
[BlackElo "2520"]

1.e4 e6 2.d4 d5 3.Nc3 Bb4 4.e5 b6 5.a3 Bxc3+ 6.bxc3 Ne7 7.h4 Ba6 8.Bd3 c5
9.h5 h6 10.a4 Bxd3 11.Qxd3 Nbc6 12.Ba3 O-O 13.Nf3 Qc7 14.O-O Na5 15.Rfe1 Nc4
16.Bc1 Rac8 17.Nh2 cxd4 18.cxd4 Na5 19.Ba3 Rfe8 20.Re2 Qc3 21.Qxc3 Rxc3 22.Bb4 Rc4
23.Bxa5 bxa5 24.Rd2 Nc6 25.Nf3 Rb8 26.Ra3 Rb1+ 27.Kh2 Rc1 28.Rb3 Rxa4 29.Rc3 Rc4
30.Rxc4 dxc4 31.d5 exd5 32.Rxd5 a4 33.c3 a3  0-1

[Event "SWZ-ch op"]
[Site "Luzern"]
[Date "1994.??.??"]
[Round "?"]
[White "Golubev, Mihail"]
[Black "Lipecki, Alexander"]
[Result "1-0"]
[WhiteElo "2545"]
[BlackElo "2010"]

1.e4 e6 2.d4 d5 3.Nc3 Bb4 4.e5 Ne7 5.a3 Bxc3+ 6.bxc3 c5 7.a4 Qa5 8.Bd2 c4
9.Nh3 Bd7 10.Nf4 Na6 11.Nh5 Rg8 12.Qc1 Bxa4 13.Qa3 b5 14.Be2 Qc7 15.Bg5 Nb8
16.Ra2 Nbc6 17.O-O O-O-O 18.Rb1 Rd7 19.h3 h6 20.Bf4 Rdd8 21.Bh2 Ng6 22.Bg4 Qe7
23.Qb2 Rd7 24.Nf6 gxf6 25.exf6 Qxf6 26.Rxa4 Rb7 27.Ra6 Kd7 28.Qc1 Rh8 29.Qe3 h5
30.Be2 h4 31.Bxc4 dxc4 32.Rxc6 Qf5 33.d5 exd5 34.Rd6+  1-0

[Event "SWZ-ch int"]
[Site "Luzern"]
[Date "1994.??.??"]
[Round "2"]
[White "Gallagher, Joseph G"]
[Black "Huss, Andreas"]
[Result "1-0"]
[WhiteElo "2470"]
[BlackElo "2430"]

1.e4 e6 2.d4 d5 3.Nc3 Bb4 4.e5 b6 5.Qg4 Bf8 6.h4 h5 7.Qd1 Ba6 8.Bxa6 Nxa6
9.Nce2 Qd7 10.Ng3 g6 11.Qe2 Nb8 12.Nf3 c5 13.dxc5 Bxc5 14.O-O Nc6 15.Bg5 Nh6
16.c4 Ng4 17.Rad1 O-O 18.Ne4 Be7 19.Bxe7 Qxe7 20.cxd5 exd5 21.Rxd5 Ngxe5
22.Nxe5 Nxe5 23.Nd6 Nc6 24.Qc4 Nd8 25.Rfd1 Ne6 26.g3 Qf6 27.Qe2 Rad8 28.f4 Qg7
29.f5 Nc7 30.R5d3 Rb8 31.Qc2 Ne6 32.Qc4 Nc5 33.Rf3 g5 34.f6 Qg6 35.Rd5 Ne6
36.Rff5 gxh4 37.Qxh4 Rbc8 38.Nxc8 Rxc8 39.Rg5 Rc1+ 40.Kh2 Rc2+ 41.Kh3 Nxg5+
42.Rxg5  1-0

[Event "SWZ-ch int"]
[Site "Luzern"]
[Date "1994.??.??"]
[Round "7"]
[White "Vogt, Lothar"]
[Black "Huss, Andreas"]
[Result "0-1"]
[WhiteElo "2495"]
[BlackElo "2400"]

1.e4 e6 2.d4 d5 3.Nc3 Bb4 4.e5 Qd7 5.a3 Bxc3+ 6.bxc3 b6 7.Qg4 f5 8.Qg3 Nc6
9.Bd3 Bb7 10.Ne2 O-O-O 11.h4 Na5 12.a4 Nc4 13.Bxc4 dxc4 14.a5 Ne7 15.Bg5 Rde8
16.Bxe7 Qxe7 17.axb6 axb6 18.Nf4 Be4 19.Ra2 Kb7 20.O-O Ra8 21.Rb2 Ra6 22.Rfb1 Rha8
23.f3 Bc6 24.Qe1 Ra2 25.Rxa2 Rxa2 26.Qe2 Ra4 27.Qe1 Ra2 28.Qe2 Ra4 29.Qf1 Kc8
30.g3 Kd7 31.Ra1 Rxa1 32.Qxa1 Qe8 33.Kf2 h6 34.h5 Qa8 35.Qxa8 Bxa8 36.Ke3 Bc6
37.g4 fxg4 38.fxg4 Ba4 39.Kd2 Bc6 40.Nh3 Be4 41.Nf2 Bh7 42.Nd1 b5 43.Ne3 Be4
44.Ke2 c5 45.Kd2 Bf3 46.dxc5 Kc6 47.Kc1 Kxc5 48.Kb1 b4 49.Kb2 Be2 50.cxb4+ Kd4
51.Ng2 Bxg4 52.c3+ Kxe5 53.Ne3 Bxh5 54.Nxc4+ Kd5 55.Na5 Be2 56.Kb3 h5 57.c4+ Kd6
58.b5 Kc7 59.Nc6 h4 60.Nd4 Bd1+ 61.Kb4 h3 62.Nxe6+ Kc8  0-1

[Event "SWZ-ch int"]
[Site "Luzern"]
[Date "1994.??.??"]
[Round "9"]
[White "Forster, Richard"]
[Black "Huss, Andreas"]
[Result "0-1"]
[WhiteElo "2380"]
[BlackElo "2430"]

1.e4 e6 2.d4 d5 3.Nc3 Bb4 4.e5 b6 5.Qg4 Bf8 6.a4 c6 7.a5 b5 8.Bd2 b4 9.Nce2 Ba6
10.Nf4 Nh6 11.Qh3 Bxf1 12.Kxf1 Nf5 13.Nf3 c5 14.dxc5 Nc6 15.Nd3 Rb8 16.Qg4 h5
17.Qf4 g6 18.h4 Bh6 19.Ng5 Rb5 20.g3 Qb8 21.a6 O-O 22.c4 bxc3 23.Bxc3 d4
24.Bd2 Rb3 25.Qe4 Qb5 26.Ra3 Rxa3 27.bxa3 Nxe5 28.Qxe5 Qxd3+ 29.Qe2 Qxa3
30.g4 hxg4 31.h5 Bxg5 32.hxg6 fxg6 33.Qxe6+ Kg7 34.Qd7+ Be7 35.Bh6+ Nxh6
36.Qxe7+ Nf7 37.Rh7+ Kxh7 38.Qxf8 Qf3 39.Ke1 d3 40.Qe7 d2+ 41.Kxd2 Qxf2+
42.Kc3 g3  0-1

[Event "CRO-chT"]
[Site "Makarska"]
[Date "1994.??.??"]
[Round "2"]
[White "Grabics, Monika"]
[Black "Petek Medic, Mirjana"]
[Result "1/2-1/2"]
[WhiteElo "2295"]
[BlackElo "2285"]

1.e4 e6 2.d4 d5 3.Nc3 Bb4 4.e5 Qd7 5.Bd2 Bxc3 6.Bxc3 b6 7.Qg4 f5 8.exf6 Nxf6
9.Qh4 Ba6 10.Nf3 Bxf1 11.Ne5 Qb5 12.Rxf1 O-O 13.Qh3 Qe8 14.O-O-O Ne4 15.Qe3 c5
16.f3 Nxc3 17.Qxc3 Nd7 18.Rfe1 Nxe5 19.Rxe5 Qg6 20.dxc5 Rac8 21.c6 Rfd8 22.f4 Rd6
23.c7 Rd7 24.Qe3 Rdxc7 25.c3 Rf7 26.Rxe6 Qxg2 27.Re8+ Rxe8 28.Qxe8+ Rf8 29.Qe6+ Kh8
30.Qxd5 Qxh2 31.Qf7 Rg8 32.Re1 h6 33.f5 Qf4+ 34.Kb1 Qd2 35.Rh1 Rd8 36.a3 Qd3+
37.Ka1 Qd5 38.Qh5 Rf8 39.Rf1 Rf6 40.Qe8+ Kh7 41.Qh5 a5 42.Qg4 b5 43.Rg1 Qd7
44.Rf1 Kh8 45.Qe4 Kh7 46.Qg4 Qf7 47.Rf2 Rd6 48.Rf1 Qf6 49.Re1 Rd5 50.Rf1 Rc5
51.Qe4 Re5 52.Qg4 Rc5  1/2-1/2

[Event "Wch U20 Girls"]
[Site "Matinhos"]
[Date "1994.??.??"]
[Round "?"]
[White "Skripchenko, Almira"]
[Black "Chervonenko, Irina"]
[Result "1-0"]
[WhiteElo "2235"]
[BlackElo "2135"]

1.e4 e6 2.d4 d5 3.Nc3 Bb4 4.e5 Ne7 5.Qg4 Kf8 6.h4 c5 7.a3 Bxc3+ 8.bxc3 Qa5
9.Bd2 Qa4 10.Rh3 Nbc6 11.Qf4 Ng6 12.Qg5 h6 13.Qg3 cxd4 14.h5 dxc3 15.Qxc3 Ngxe5
16.Qc5+ Kg8 17.c3 b6 18.Qe3 Ba6 19.Rg3 Bxf1 20.Kxf1 Nc4 21.Qf4 Nxd2+ 22.Qxd2 Rc8
23.Ne2 Na5 24.Nd4 Nc6 25.Qf4 Qc4+ 26.Kg1 Nxd4 27.cxd4 Rh7 28.Re1 Qc7 29.Qg4 Kf8
30.Ree3 Ke7 31.f4 Kf8 32.f5 exf5 33.Qxf5 Rh8 34.Qg4 Rg8 35.Re5 Rd8 36.Rge3 Qc8
37.Qf4 Qc1+ 38.Kh2 Qc7 39.Re8+ Rxe8 40.Rxe8+  1-0

[Event "Mestres"]
[Site "Mestres"]
[Date "1994.??.??"]
[Round "9"]
[White "Ribeiro, Fernando"]
[Black "Santos, Antonio P"]
[Result "0-1"]
[WhiteElo "2220"]
[BlackElo "2260"]

1.e4 e6 2.d4 d5 3.Nc3 Bb4 4.e5 Qd7 5.Qg4 f5 6.Qg3 b6 7.Nh3 Ba6 8.Bxa6 Nxa6
9.O-O Bxc3 10.bxc3 O-O-O 11.a4 Nb8 12.a5 Nc6 13.Qd3 Rf8 14.Qa6+ Kd8 15.axb6 cxb6
16.Ba3 Nge7 17.c4 f4 18.cxd5 exd5 19.e6 Qxe6 20.Rfe1 Qd7 21.Ng5 Rf6 22.Nf3 Re6
23.Ng5 Rf6 24.Bxe7+ Nxe7 25.Qxa7 Nc8 26.Qa3 h6 27.Nf3 Re8 28.Ne5 Qb7 29.Qf3 g5
30.c4 Rd6 31.Rac1 Re7 32.cxd5 Qxd5 33.Qxd5 Rxd5 34.Nc6+ Kd7 35.Nxe7 Nxe7
36.Rb1 b5 37.Re5 Rxe5 38.dxe5 Kc6 39.Kf1 Kc5 40.Ke2 Nc6 41.e6 Nd4+ 42.Kd3 Nxe6
43.Re1 Kd5 44.Kc3 g4 45.Rd1+ Kc5 46.Rd7 b4+ 47.Kd3 Kc6 48.Rh7 Kd5 49.Rd7+ Ke5
50.Kc4 b3 51.Rd2 Ng5 52.Re2+ Kf5 53.Rb2 f3 54.g3 Ne4 55.Kxb3 Nxf2 56.Kc4 Ke4
57.Rb6 Nd3 58.Rf6 f2 59.Kc3 Ke3 60.Re6+ Kf3 61.Rf6+ Kg2  0-1

[Event "Montevideo"]
[Site "Montevideo"]
[Date "1994.??.??"]
[Round "4"]
[White "Donatti, Alvaro"]
[Black "Rodriguez, Al"]
[Result "0-1"]
[WhiteElo "2265"]
[BlackElo "2330"]

1.e4 e6 2.d4 d5 3.Nc3 Bb4 4.e5 Ne7 5.a3 Bxc3+ 6.bxc3 c5 7.Qg4 Qc7 8.Qxg7 Rg8
9.Qxh7 cxd4 10.Ne2 Nbc6 11.f4 Bd7 12.Qd3 dxc3 13.Nxc3 a6 14.Rb1 Na5 15.Ne2 Rc8
16.Nd4 Nec6 17.Bd2 Nc4 18.Qh7 Ne7 19.Bb4 Nxa3 20.Rc1 a5 21.Bd2 Nc4 22.Qd3 Qc5
23.Rb1 Nc6 24.Nb3 Qa7 25.Bc1 b5 26.Qh7 Ne7 27.Nd2 Ne3 28.Bxb5 Nxc2+ 29.Kd1 Ne3+
30.Ke2 Bxb5+ 31.Rxb5 Nxg2 32.Nf3 Qa6 33.Qd3 Ng6 34.Kf2 N6xf4 35.Bxf4 Nxf4
36.Qb3 a4  0-1

[Event "Moscow ol (Men)"]
[Site "Moscow"]
[Date "1994.??.??"]
[Round "1"]
[White "Mifsud, Timothy"]
[Black "Temirbaev, Serik"]
[Result "0-1"]
[WhiteElo "2170"]
[BlackElo "2465"]

1.e4 e6 2.d4 d5 3.Nc3 Bb4 4.e5 Qd7 5.Bd2 b6 6.Bb5 c6 7.Ba4 a5 8.a3 Bf8 9.Nce2 Na6
10.c3 Nc7 11.Nf3 Ba6 12.Bc2 Ne7 13.O-O a4 14.Re1 Bb5 15.Nf4 g6 16.Ne2 h6
17.Bf4 c5 18.Qd2 Nc6 19.Qe3 Na5 20.Nd2 c4 21.Bg3 O-O-O 22.Bh4 g5 23.Bg3 h5
24.f4 h4 25.Bf2 g4 26.Rf1 Nb3 27.Rab1 Bg7 28.Be1 Rdg8 29.Qf2 Qd8 30.f5 Bh6
31.Rd1 g3 32.Qf3 gxh2+ 33.Kxh2 Rg3 34.Nxg3 hxg3+ 35.Kxg3 Bxd2 36.f6 Qg8+
37.Kf2 Bg5 38.Ke2 Nc1+ 39.Kf2 Nd3+ 40.Bxd3 cxd3 41.Bd2 Bxd2 42.Rxd2 Qg5 43.Qe3 Qf5+
44.Qf3 Qh7 45.Qg3 Rg8 46.Rh1 Qf5+ 47.Qf3 Rxg2+ 48.Kxg2 Qg5+ 49.Qg3 Qxd2+
50.Qf2 Qg5+ 51.Qg3 Qf5 52.Qf3 Qe4 53.Kf2 d2 54.Qxe4 dxe4 55.Ke3 Nd5+ 56.Kxd2 e3+
57.Kc2 Nf4 58.d5 exd5 59.Rh8+ Kd7 60.Rf8 Ke6 61.c4 Bxc4  0-1

[Event "Moscow ol (Men)"]
[Site "Moscow"]
[Date "1994.??.??"]
[Round "2"]
[White "Wang Zili"]
[Black "Russek, Guil"]
[Result "1-0"]
[WhiteElo "2505"]
[BlackElo "2340"]

1.e4 e6 2.d4 d5 3.Nc3 Bb4 4.e5 Ne7 5.a3 Bxc3+ 6.bxc3 c5 7.h4 h6 8.h5 b6 9.Qg4 Kf8
10.Rh3 Ba6 11.Rf3 Nf5 12.Qf4 Bxf1 13.Kxf1 Qe8 14.Ne2 Kg8 15.a4 Nd7 16.c4 Nxd4
17.Nxd4 cxd4 18.Qxd4 dxc4 19.Rg3 Rh7 20.Ba3 Rc8 21.Kg1 Nb8 22.Bd6 Nc6 23.Qg4 Ne7
24.Bxe7 Qxe7 25.Rd1 Qe8 26.Rc3 g6 27.hxg6 fxg6 28.Rxc4 Rxc4 29.Qxc4 Re7 30.Rd6 Kg7
31.g3 Qf7 32.Rc6 Qf5 33.Qd4 Qf7 34.Kg2 Rd7 35.Rd6 Rc7 36.c4 Re7 37.a5 bxa5
38.c5 Re8 39.c6 Rc8 40.Kg1 Rc7 41.Qc4 Re7 42.Qh4 Rc7 43.Qc4 Re7 44.Qc3 a4
45.Qd4  1-0

[Event "Moscow ol (Men)"]
[Site "Moscow"]
[Date "1994.??.??"]
[Round "5"]
[White "Han, Hakan"]
[Black "Nadera, Barlo A"]
[Result "1-0"]
[WhiteElo "2305"]
[BlackElo "2405"]

1.e4 e6 2.d4 d5 3.Nc3 Bb4 4.e5 b6 5.a3 Bf8 6.Nb1 c5 7.c3 Ne7 8.b4 c4 9.a4 Nec6
10.Nf3 Be7 11.g3 a6 12.Bg2 O-O 13.O-O Ra7 14.h4 h6 15.Nh2 Nd7 16.Qh5 Qe8
17.Qe2 f5 18.exf6 Nxf6 19.Ng4 Nxg4 20.Qxg4 Kh8 21.Qd1 Bd6 22.Be3 Raf7 23.Nd2 Rf6
24.f4 Qg6 25.Bf2 Qd3 26.Rc1 Bd7 27.Nf3 Qh7 28.Ne5 Be8 29.Ng4 R6f7 30.Qe2 Re7
31.Ne5 Nd8 32.Ra1 g6 33.a5 b5 34.Be3 Qg8 35.Bf3 Rh7 36.Kg2 Nc6 37.Kh1 Be7
38.Rg1 Bd8 39.Kh2 Ne7  1-0

[Event "Moscow ol (Men)"]
[Site "Moscow"]
[Date "1994.??.??"]
[Round "7"]
[White "Abdulghafour, Yousef"]
[Black "Freyre, Jorge"]
[Result "1/2-1/2"]
[WhiteElo "2180"]
[BlackElo "2255"]

1.e4 e6 2.d4 d5 3.Nc3 Bb4 4.e5 Ne7 5.Bd2 c5 6.Nb5 Bxd2+ 7.Qxd2 O-O 8.dxc5 Nd7
9.Nf3 Nxc5 10.c3 a6 11.Nbd4 Qc7 12.Bd3 Nc6 13.Nxc6 Nxd3+ 14.Qxd3 bxc6 15.O-O h6
16.Rfe1 Rb8 17.Rab1 c5 18.Nd2 Bd7 19.Qg3 Qa5 20.Nb3 Qc7 21.Nd2 Qa5 22.Nb3 Qc7
23.Nd2 Qa5  1/2-1/2

[Event "Moscow ol (Men)"]
[Site "Moscow"]
[Date "1994.??.??"]
[Round "7"]
[White "El Taher, Fouad"]
[Black "Rodriguez, Andres"]
[Result "1/2-1/2"]
[WhiteElo "2420"]
[BlackElo "2430"]

1.e4 e6 2.d4 d5 3.Nc3 Bb4 4.e5 Ne7 5.Nf3 c5 6.a3 Bxc3+ 7.bxc3 Nbc6 8.a4 Qa5
9.Bd2 Bd7 10.Bb5 f6 11.O-O c4 12.Re1 a6 13.Bxc6 Nxc6 14.Qb1 O-O-O 15.Qb2 Rdg8
16.Qa3 f5 17.Reb1 h6 18.Qd6 Qc7 19.Ra2 Nd8 20.Bc1  1/2-1/2

[Event "Moscow ol (Men)"]
[Site "Moscow"]
[Date "1994.??.??"]
[Round "10"]
[White "Rivera, Daniel"]
[Black "Gdanski, Jacek"]
[Result "1/2-1/2"]
[WhiteElo "2380"]
[BlackElo "2505"]

1.e4 e6 2.d4 d5 3.Nc3 Bb4 4.e5 Ne7 5.a3 Bxc3+ 6.bxc3 c5 7.Nf3 Bd7 8.a4 Qa5
9.Bd2 Nbc6 10.Bb5 f6 11.Qe2 Qc7 12.O-O fxe5 13.Bxc6 Nxc6 14.Nxe5 O-O 15.Nxd7 Qxd7
16.dxc5 Na5 17.Be3 Nc4 18.f4 Nxe3 19.Qxe3 Rac8 20.Rab1 Rc6 21.Rb4 Qc8 22.Rfb1 Rf7
23.h3 h6 24.Qd4 a6 25.Rb6 Rxc5 26.Rxb7 Rxb7 27.Rxb7 Qxb7 28.Qxc5 Qb1+ 29.Kh2 Qxc2
30.Qc8+ Kh7 31.Qxe6 Qxa4 32.Qf5+ Kh8 33.Qc8+ Kh7 34.Qf5+  1/2-1/2